Catálogo

Anatomía y técnica quirúrgicas / (Registro nro. 48948)

Detalles MARC
000 -LEADER
fixed length control field 01238cam a2200325 i 4500
001 - CONTROL NUMBER
control field 48948
003 - CONTROL NUMBER IDENTIFIER
control field Mx-PuUPA
005 - DATE AND TIME OF LATEST TRANSACTION
control field 20240410104033.0
008 - FIXED-LENGTH DATA ELEMENTS--GENERAL INFORMATION
fixed length control field 140415s2003 mx a r 000 0 spa d
020 ## - INTERNATIONAL STANDARD BOOK NUMBER
International Standard Book Number 970103273x
040 ## - CATALOGING SOURCE
Original cataloging agency Mx-PuUPA
Language of cataloging spa
Transcribing agency Mx-PuUPA
Modifying agency Mx-PuUPA
Description conventions rda
041 1# - LANGUAGE CODE
Language code of text/sound track or separate title spa
Language code of original eng
100 1# - MAIN ENTRY--PERSONAL NAME
Personal name Skandalakis, John Elias,
Dates associated with a name 1920-
Relator term autor
9 (RLIN) 4765
240 10 - UNIFORM TITLE
Uniform title Surgical anatomy and technique.
Language of a work Español
245 10 - TITLE STATEMENT
Title Anatomía y técnica quirúrgicas /
Statement of responsibility, etc. John E. Skandalakis, Panajiotis N. Skandalakis, Lee John Skandalakis ; traducción, Dr. Jorge Orizaga Samperio.
250 ## - EDITION STATEMENT
Edition statement Primera edición
264 #1 - PRODUCTION, PUBLICATION, DISTRIBUTION, MANUFACTURE, AND COPYRIGHT NOTICE
Place of production, publication, distribution, manufacture México, D.F. :
Name of producer, publisher, distributor, manufacturer McGraw-Hill Interamericana Editores,
Date of production, publication, distribution, manufacture, or copyright notice 2003
300 ## - PHYSICAL DESCRIPTION
Extent xiv, 651 páginas :
Other physical details ilustraciones ;
Dimensions 27 cm.
336 ## - CONTENT TYPE
Content type term texto
Fuente rdacontent
Content type code txt
337 ## - MEDIA TYPE
Media type term sin medio
Source rdamedia
Media type code n
338 ## - CARRIER TYPE
Carrier type term volumen
Source rdacarrier
Carrier type code nc
650 #4 - SUBJECT ADDED ENTRY--TOPICAL TERM
Topical term or geographic name entry element Anatomía
700 1# - ADDED ENTRY--PERSONAL NAME
Personal name Skandalakis, Panajiotis N.
Relator term autor
9 (RLIN) 4766
700 1# - ADDED ENTRY--PERSONAL NAME
Personal name Skandalakis, Lee John,
Relator term autor
9 (RLIN) 4767
700 1# - ADDED ENTRY--PERSONAL NAME
Personal name Orizaga Samperio, Jorge,
Relator term traductor
765 08 - ORIGINAL LANGUAGE ENTRY
Main entry heading Skandalakis, John Elias, 1920-
Title Surgical anatomy and technique.
942 ## - ADDED ENTRY ELEMENTS (KOHA)
Source of classification or shelving scheme Dewey Decimal Classification
Koha item type Libro
Classification part 617.9
Item part S626
Existencias
Withdrawn status Lost status Source of classification or shelving scheme Damaged status Not for loan Collection code Home library Current library Shelving location Date acquired Source of acquisition Total Checkouts Full call number Barcode Date last seen Price effective from Koha item type Total Renewals Date last checked out
    Dewey Decimal Classification     General Biblioteca Karol Wojtyla Biblioteca Karol Wojtyla Sala general 03/12/2013 Compra   617.9 SKA 2003 75438 05/01/2026 15/01/2015 Reserva permanente    
    Dewey Decimal Classification     General Biblioteca Karol Wojtyla Biblioteca Karol Wojtyla Sala general 13/06/2017 Compra 6 617.9 SKA 2003 73255 04/02/2026 13/06/2017 Libro 2 20/01/2026
    Dewey Decimal Classification     General Biblioteca Karol Wojtyla Biblioteca Karol Wojtyla Sala general 03/12/2013 Compra 1 617.9 SKA 2003 73257 20/04/2026 15/01/2015 Libro   10/02/2022
    Dewey Decimal Classification     General Biblioteca Karol Wojtyla Biblioteca Karol Wojtyla Sala general 03/12/2013 Compra   617.9 SKA 2003 73254 05/01/2026 15/01/2015 Reserva permanente    
    Dewey Decimal Classification     General Biblioteca Karol Wojtyla Biblioteca Karol Wojtyla Sala general 03/12/2013 Compra 3 617.9 SKA 2003 73256 04/02/2026 15/01/2015 Libro   20/01/2026